Statistics for Ethnic Groups of China

Click here to take the quiz!

General Stats

  • This quiz has been taken 133 times
  • The average score is 19 of 56

Answer Stats

HintEthnic Group% Correct
The majority of ChinaHan
95%
Turkic Muslims of Xinjiang Autonomous RegionUyghur
90%
Genghis Khan was one of theseMongol
87%
The natives to "the roof of the world"Tibetan
83%
Hangul is their alphabetKorean
79%
Natives to the largest country in Central AsiaKazakh
75%
Rulers of the Qing Dynasty and the people of DongbeiManchu
73%
The 14th Dalai Lama is one of theseTu
71%
You'd find them all the way in Moscow, tooRussian
66%
Notable sub-groups have immigrated to South East AsiaMiao
64%
Turkic nomads with their own Central Asian countryKyrgyz
61%
Another Turkic ethnic group with their own countryTajik
59%
Ethno-religious group of MuslimsHui
57%
Known for their houses built with bamboo, mud, and stoneHani
55%
Turkic group with their own country that doesn't border ChinaUzbek
55%
Largest minority of 18 million peopleZhuang
51%
The largest ethnic minority of Hainan islandLi
47%
Bimoism is their indigenous religionYi
43%
Their name means "white" in Mandarin ChineseBai
40%
Renowned for their operas called Kgal LaoxDong
34%
The largest ethnic minority of Fujian provinceShe
33%
Closely Related to the Thai and Laos peopleDai
30%
Their name means "water" in Mandarin ChineseSui
30%
Renowned for their folk songs and Baishou DanceTujia
28%
Predominantly found in Kachin and Shan States, MyanmarWa
28%
A Tungusic shaman people found in Northern ChinaXibe
25%
They celebrate their King Pan on the tenth lunar monthYao
25%
Very similar to a larger Muslim minority, with animist beliefsSalar
24%
A large Muslim minority found in Gansu provinceDongxiang
22%
Found on the edge of Sichuan and TibetQiang
22%
Consider themselves the same as the largest ethnic minorityBouyei
21%
Taiwan's indigenous peopleGaoshan
19%
Their name means "capital" in Mandarin ChineseGin
19%
Christians also found in northern MyanmarLisu
19%
A Tungusic people more commonly found in SiberiaEvenki
18%
Famous for their jiaohu musicGelao
17%
Practive the dongjing ritual music of YunnanNakhi
17%
Tibetan Buddhism minority of Gansu provinceYugur
17%
A Mongolic people found in Hulunbu'erDaur
16%
The largest subset of the Kachin peopleJingpo
16%
Celebrate the flower-fairy festivalNu
16%
Another Tungusic people more commonly found in SiberiaHezhen
15%
90% now have the surname Li or ZhangLahu
15%
Another ethnic minority heavily influenced by TibetPumi
15%
Allied with Genghis Khan during the Mongol EmpireTatars
15%
Believed to be descended from Muslim Mongol soldiersBonan
13%
Began fighting the Burmese military since 1963De'ang
13%
Founders of the Dragon Boat FestivalMulao
13%
Hunter shaman people of DongbeiOroqen
13%
Only 3000 of them left living in TibetLhoba
12%
Some of the first inhabitants of Yunnan ProvinceAchang
11%
80% of them share the surname; TanMaonan
11%
Consider blackened teeth with betel nuts beautifulBlang
10%
Paint their teeth with soot from pear treesJino
10%
More commonly found in Arunachal Pradesh, IndiaMonba
10%
Used to practice female face tattooing and animal sacrificesDerung
9%

Score Distribution

Percentile by Number Answered

Percent of People with Each Score

Your Score History

You have not taken this quiz